000 00670cam a22002173a 4500
001 41948
003 PGUSA
005 20140828083939.0
008 130130s2013||||xxu|||||s|||||000 | eng d
040 _aPGUSA
_beng
042 _adc
100 1 _aMarinelli, Olinto
245 1 0 _aGuida delle Prealpi Giulie :
_bDistretti di Gemona, Tarcento, S. Daniele, Cividale e S. Pietro
_h[electronic resource] /
_cOlinto Marinelli
260 _bProject Gutenberg,
_c2013
506 _aPublic domain in the USA.
516 _aElectronic text
700 1 _aPontini, Antonio
830 0 _aProject Gutenberg
_v41948
856 4 0 _uhttp://www.gutenberg.org/ebooks/41948
942 _cEB
999 _c271200
_d271200